Abstracts of papers. (Record no. 34022)

MARC details
000 -LEADER
fixed length control field 01200cam a2200265 4500
001 - CONTROL NUMBER
control field he 68003929
003 - CONTROL NUMBER IDENTIFIER
control field DLC
005 - DATE AND TIME OF LATEST TRANSACTION
control field 20260227111507.0
008 - FIXED-LENGTH DATA ELEMENTS--GENERAL INFORMATION
fixed length control field 900614s1965 is 100 0 eng
010 ## - LIBRARY OF CONGRESS CONTROL NUMBER
LC control number he 68003929 //r96
025 ## - OVERSEAS ACQUISITION NUMBER
Overseas acquisition number PL480:Is-2108
040 ## - CATALOGING SOURCE
Original cataloging agency DLC
Transcribing agency DLC
Modifying agency DLC
050 00 - LIBRARY OF CONGRESS CALL NUMBER
Classification number BM30
Item number .W6 1965a
111 2# - MAIN ENTRY--MEETING NAME
Meeting name or jurisdiction name as entry element World Congress of Jewish Studies
Number of part/section/meeting (4th :
Date of meeting or treaty signing 1965 :
Location of meeting Jerusalem)
240 10 - UNIFORM TITLE
Uniform title Taḳtsire ha-hartsaʼot.
Language of a work English
245 10 - TITLE STATEMENT
Title Abstracts of papers.
260 1# - PUBLICATION, DISTRIBUTION, ETC.
Place of publication, distribution, etc. Jerusalem,
Date of publication, distribution, etc. 1965.
300 ## - PHYSICAL DESCRIPTION
Extent 10 pts.
Dimensions 27 cm.
500 ## - GENERAL NOTE
General note Held at the Hebrew University, Jerusalem, July-Aug. 1965.
500 ## - GENERAL NOTE
General note Issued also under title: (romanized: Taḳtsire ha-hartsaʼot)
505 0# - FORMATTED CONTENTS NOTE
Formatted contents note [1] Ancient Jewish history.--[2] Archaeology and Dead Sea scrolls.--[3] Bible studies.--[4] Contemporary Jewry.--[5] Hebrew poetry and literature.--[6] Hebrew language.--[7] Jewish folklore and folk literature, Jewish art.--[8] Jewish thought (religion, philosophy and Kabbala).--[9] Medieval and modern Jewish history.--[10] Talmud and rabbinics, Jewish law.
650 #0 - SUBJECT ADDED ENTRY--TOPICAL TERM
Topical term or geographic name entry element Jews
General subdivision History
-- Congresses.
650 #0 - SUBJECT ADDED ENTRY--TOPICAL TERM
Topical term or geographic name entry element Judaism
General subdivision History
-- Congresses.
710 10 - ADDED ENTRY--CORPORATE NAME
Corporate name or jurisdiction name as entry element Jerusalem.
Subordinate unit Hebrew University.

No items available.

Powered by Koha